| 000 | 01498cad a22002295a 4500 | ||
|---|---|---|---|
| 001 | L154648 | ||
| 008 | 120109e20100713xxk f 000 0 eng d | ||
| 035 | _a(Sirsi) u154648 | ||
| 041 | 0 | _aeng | |
| 245 | 0 | 0 |
_aPGF II S.A, PGF II (LIME) S.A v Royal & Sun Alliance Insurance Plc, London & Edinburgh Insurance Company Limited _h[electronic resource] |
| 260 | _c2010 | ||
| 520 | _a[2010] EWHC 1459 (TCC), 13 July 2010. Concerns the recovery of repair costs and consequential losses by the landlord of an office block left in disrepair. Claimant P was the landlord of an office block, of which the defendant outgoing tenants were R and L. P spent £5m on refurbishment after expiry of the lease. P sought to reclaim £4m and interest from the defendants by way of damages for dilapidations and failure to reinstate. "Held": in favour of claimant P but the amount P can now recover is less than its costs. Dilapidations claims have to be reasonable: replacing the cladding rather than repairing it was not reasonable. | ||
| 590 | _aKA | ||
| 650 | 2 | 4 | _aPGF II S.A AND ANOR V ROYAL & SUN ALLIANCE INSURANCE PLC AND ANOR |
| 650 | 2 | 4 | _aLANDLORD AND TENANT ACT 1927 S18(1) |
| 650 | 2 | 4 | _aJOYNER V WEEKS |
| 650 | 2 | 4 | _aRUXLEY ELECTRONICS V FORSYTH |
| 651 | 4 |
_aEngland and Wales _y1543- |
|
| 690 | _aBUILT ENVIRONMENT-BUILDING SURVEYING-DILAPIDATIONS SURVEYING | ||
| 856 | 4 | 0 |
_uhttps://www.bailii.org/ew/cases/EWHC/TCC/2010/1459.html _zView the law report free of charge at www.bailii.org |
| 942 | _n0 | ||
| 999 |
_c113084 _d113084 |
||